<?xml version="1.0" encoding="UTF-8"?>
<record
    xmlns:xsi="http://www.w3.org/2001/XMLSchema-instance"
    xsi:schemaLocation="http://www.loc.gov/MARC21/slim http://www.loc.gov/standards/marcxml/schema/MARC21slim.xsd"
    xmlns="http://www.loc.gov/MARC21/slim">

  <leader>01605    a2200265   4500</leader>
  <controlfield tag="001">18077</controlfield>
  <datafield tag="020" ind1=" " ind2=" ">
    <subfield code="a">9788516058319</subfield>
  </datafield>
  <datafield tag="041" ind1=" " ind2=" ">
    <subfield code="a">por</subfield>
  </datafield>
  <datafield tag="082" ind1=" " ind2=" ">
    <subfield code="a">028.5</subfield>
  </datafield>
  <datafield tag="100" ind1=" " ind2=" ">
    <subfield code="a">Pamplona, Rosane.</subfield>
  </datafield>
  <datafield tag="300" ind1=" " ind2=" ">
    <subfield code="a">101 p.</subfield>
  </datafield>
  <datafield tag="490" ind1=" " ind2=" ">
    <subfield code="a">Girassol</subfield>
  </datafield>
  <datafield tag="520" ind1=" " ind2=" ">
    <subfield code="a">Esse livro n&#xE3;o &#xE9; simplesmente um livro de receitas: nele, as palavras e as hist&#xF3;rias s&#xE3;o oferecidas ao leitor para que sejam saboreadas com o mesmo prazer com que ele provaria os quitutes que Rosane Pamplona nos ensina a preparar. Cada receita vem acompanhada de uma hist&#xF3;ria e de coment&#xE1;rios da autora, contando os muitos causos de sua vida que se misturaram ao sabor de sua comida. Entre as narrativas que se misturam &#xE0; receita, podemos encontrar desde lendas da tradi&#xE7;&#xE3;o popular brasileira e europeia at&#xE9; mitos ind&#xED;genas, contos de fada e hist&#xF3;rias consagradas da mitologia grega. Hist&#xF3;rias que possuem em comum o fato de pertencerem &#xE0; tradi&#xE7;&#xE3;o oral, de terem sido muitas vezes contadas e recontadas; pr&#xF3;prias a serem contadas &#xE0; beira da cama, ao redor do fogo e, principalmente, numa cozinha cheirando a comida ou numa mesa cheia repleta de pratos deliciosos.</subfield>
  </datafield>
  <datafield tag="521" ind1=" " ind2=" ">
    <subfield code="a">Year 4</subfield>
  </datafield>
  <datafield tag="697" ind1=" " ind2=" ">
    <subfield code="a">Culin&#xE1;ria.</subfield>
  </datafield>
  <datafield tag="697" ind1=" " ind2=" ">
    <subfield code="a">Literatura infanto-juvenil</subfield>
  </datafield>
  <datafield tag="830" ind1=" " ind2=" ">
    <subfield code="a">Girassol</subfield>
  </datafield>
  <datafield tag="856" ind1=" " ind2=" ">
    <subfield code="u">000026/000026c3.jpg</subfield>
  </datafield>
  <datafield tag="040" ind1=" " ind2=" ">
    <subfield code="a">BR-BrIDEA</subfield>
    <subfield code="c">BR-BrIDEA</subfield>
  </datafield>
  <datafield tag="090" ind1=" " ind2=" ">
    <subfield code="a">P Year 4 028</subfield>
    <subfield code="b">PAM</subfield>
  </datafield>
  <datafield tag="245" ind1="1" ind2="0">
    <subfield code="a">Hist&#xF3;rias de dar &#xE1;gua na boca</subfield>
    <subfield code="b">lembran&#xE7;as gastron&#xF4;micas, hist&#xF3;rias e receitas</subfield>
    <subfield code="c">Rosane Pamplona; ilustra&#xE7;&#xF5;es de Avelino Guedes</subfield>
  </datafield>
  <datafield tag="260" ind1=" " ind2=" ">
    <subfield code="a">S&#xE3;o Paulo</subfield>
    <subfield code="b">Moderna</subfield>
    <subfield code="c">2008</subfield>
  </datafield>
  <datafield tag="700" ind1=" " ind2=" ">
    <subfield code="a">Guedes, Avelino</subfield>
    <subfield code="e">ilustrador</subfield>
  </datafield>
  <datafield tag="942" ind1=" " ind2=" ">
    <subfield code="c">BK</subfield>
  </datafield>
  <datafield tag="952" ind1=" " ind2=" ">
    <subfield code="0">0</subfield>
    <subfield code="1">0</subfield>
    <subfield code="4">0</subfield>
    <subfield code="7">0</subfield>
    <subfield code="a">91.4</subfield>
    <subfield code="b">91.4</subfield>
    <subfield code="d">2023-11-21</subfield>
    <subfield code="l">0</subfield>
    <subfield code="o">LI 028.5 P186h PAM HIS</subfield>
    <subfield code="p">4223/BEL</subfield>
    <subfield code="r">2023-11-21 17:42:30</subfield>
    <subfield code="w">2023-11-21</subfield>
    <subfield code="y">BK</subfield>
  </datafield>
  <datafield tag="952" ind1=" " ind2=" ">
    <subfield code="0">0</subfield>
    <subfield code="1">0</subfield>
    <subfield code="4">0</subfield>
    <subfield code="7">0</subfield>
    <subfield code="a">88.1</subfield>
    <subfield code="b">88.1</subfield>
    <subfield code="d">2023-11-21</subfield>
    <subfield code="l">0</subfield>
    <subfield code="o">028.5 PAM HIS</subfield>
    <subfield code="p">5158/ITA</subfield>
    <subfield code="r">2023-11-21 20:06:21</subfield>
    <subfield code="w">2023-11-21</subfield>
    <subfield code="y">BK</subfield>
  </datafield>
  <datafield tag="952" ind1=" " ind2=" ">
    <subfield code="0">0</subfield>
    <subfield code="1">0</subfield>
    <subfield code="4">0</subfield>
    <subfield code="7">0</subfield>
    <subfield code="a">88.1</subfield>
    <subfield code="b">88.1</subfield>
    <subfield code="d">2023-11-22</subfield>
    <subfield code="l">0</subfield>
    <subfield code="o">LI 028.5 P186h</subfield>
    <subfield code="p">2190/CSP</subfield>
    <subfield code="r">2023-11-22 14:28:59</subfield>
    <subfield code="w">2023-11-22</subfield>
    <subfield code="y">BK</subfield>
  </datafield>
  <datafield tag="952" ind1=" " ind2=" ">
    <subfield code="0">0</subfield>
    <subfield code="1">0</subfield>
    <subfield code="2">ddc</subfield>
    <subfield code="4">0</subfield>
    <subfield code="7">0</subfield>
    <subfield code="a">12.28</subfield>
    <subfield code="b">12.28</subfield>
    <subfield code="d">2015-12-16</subfield>
    <subfield code="l">1</subfield>
    <subfield code="o">P Year 4 028</subfield>
    <subfield code="p">00019091SSW</subfield>
    <subfield code="q">2024-04-06</subfield>
    <subfield code="r">2024-02-06 10:37:38</subfield>
    <subfield code="s">2024-02-06</subfield>
    <subfield code="w">2024-01-23</subfield>
    <subfield code="y">BK</subfield>
  </datafield>
  <datafield tag="952" ind1=" " ind2=" ">
    <subfield code="0">0</subfield>
    <subfield code="1">0</subfield>
    <subfield code="2">ddc</subfield>
    <subfield code="4">0</subfield>
    <subfield code="7">0</subfield>
    <subfield code="a">12.28</subfield>
    <subfield code="b">12.28</subfield>
    <subfield code="d">2017-02-08</subfield>
    <subfield code="l">1</subfield>
    <subfield code="o">P Year 4 028</subfield>
    <subfield code="p">00027959SSW</subfield>
    <subfield code="q">2024-04-06</subfield>
    <subfield code="r">2024-02-06 10:44:14</subfield>
    <subfield code="s">2024-02-06</subfield>
    <subfield code="w">2024-01-23</subfield>
    <subfield code="y">BK</subfield>
  </datafield>
  <datafield tag="952" ind1=" " ind2=" ">
    <subfield code="0">0</subfield>
    <subfield code="1">0</subfield>
    <subfield code="2">ddc</subfield>
    <subfield code="4">0</subfield>
    <subfield code="7">0</subfield>
    <subfield code="a">12.28</subfield>
    <subfield code="b">12.28</subfield>
    <subfield code="d">2015-03-02</subfield>
    <subfield code="l">1</subfield>
    <subfield code="o">P Year 4 028</subfield>
    <subfield code="p">00013789SSW</subfield>
    <subfield code="q">2024-04-06</subfield>
    <subfield code="r">2024-02-06 10:32:24</subfield>
    <subfield code="s">2024-02-06</subfield>
    <subfield code="w">2024-01-23</subfield>
    <subfield code="y">BK</subfield>
  </datafield>
  <datafield tag="952" ind1=" " ind2=" ">
    <subfield code="0">0</subfield>
    <subfield code="1">0</subfield>
    <subfield code="2">ddc</subfield>
    <subfield code="4">0</subfield>
    <subfield code="7">0</subfield>
    <subfield code="a">12.27</subfield>
    <subfield code="b">12.27</subfield>
    <subfield code="d">2020-10-30</subfield>
    <subfield code="l">0</subfield>
    <subfield code="o">AP Year 4 028 PAM</subfield>
    <subfield code="p">00050204AGC</subfield>
    <subfield code="r">2024-12-02 08:51:35</subfield>
    <subfield code="w">2024-01-23</subfield>
    <subfield code="y">BK</subfield>
  </datafield>
  <datafield tag="952" ind1=" " ind2=" ">
    <subfield code="0">0</subfield>
    <subfield code="1">0</subfield>
    <subfield code="2">ddc</subfield>
    <subfield code="4">0</subfield>
    <subfield code="7">0</subfield>
    <subfield code="a">12.27</subfield>
    <subfield code="b">12.27</subfield>
    <subfield code="d">2020-10-30</subfield>
    <subfield code="l">0</subfield>
    <subfield code="o">AP Year 4 028 PAM</subfield>
    <subfield code="p">00050205AGC</subfield>
    <subfield code="r">2024-01-23 14:57:06</subfield>
    <subfield code="w">2024-01-23</subfield>
    <subfield code="y">BK</subfield>
  </datafield>
  <datafield tag="952" ind1=" " ind2=" ">
    <subfield code="0">0</subfield>
    <subfield code="1">0</subfield>
    <subfield code="4">0</subfield>
    <subfield code="7">0</subfield>
    <subfield code="a">80.1</subfield>
    <subfield code="b">80.1</subfield>
    <subfield code="d">2024-02-09</subfield>
    <subfield code="l">0</subfield>
    <subfield code="o">PAM - H3</subfield>
    <subfield code="p">A10141</subfield>
    <subfield code="r">2024-02-09 21:16:47</subfield>
    <subfield code="w">2024-02-09</subfield>
    <subfield code="y">BK</subfield>
  </datafield>
  <datafield tag="999" ind1=" " ind2=" ">
    <subfield code="c">18077</subfield>
    <subfield code="d">18077</subfield>
  </datafield>
</record>
